000 00626nam a2200193 a 4500
001 000044968
005 20240412074304.0
008 150127s1994 dr a 000 p spa d
040 _aDO-SdBNP
_bspa
_cBNPHU
082 _aRD861.44
_bG216t
100 1 _aGarcía, Félix
_942361
245 1 0 _aTamor /
_cFélix García.
260 _aSanto Domingo :
_bImpresos Computarizados,
_c1994.
300 _a46 p. :
_bil., retrs. ;
_c21 cm.
500 _aIncluye datos biográficos del autor en la contracubierta.
650 0 _aPoesía dominicana
_966
650 0 _aLiteratura dominicana.
_967
910 _aValidado. Control de calidad MFF
999 _c44457
_d44457